000 01324nam a22003737a 4500
003 CHAP
005 20220329135128.0
008 971013s1994 r 00010 d
010 _a31384
011 _a32356
035 _a36471
040 _cCHAP
090 _aFolleto 14454
100 0 0 _aMartínez Carmona, Clemente.
_971893
245 _aGuía para conservar flores de corte
260 _aMetepec, Méx. :
_bInstituto de Investigación y Capacitación Agropecuaria, Acuícola y Forestal del Estado de México. Departamento de Laboratorios de Apoyo,
_c1994
300 _a8 p.
_b: ilus.
490 _aICAMEX. Folleto misceláneo
_v; 1
590 _aBATCH-UPD
_b10
_c20130110
_lUCH01
_h0252
590 _aBATCH-UPD
_b10
_c20130110
_lUCH01
_h1051
590 _aBATCH-UPD
_b10
_c20130409
_lUCH01
_h2322
590 _aBATCH-UPD
_b10
_c20130410
_lUCH01
_h1421
590 _aBATCH-UPD
_b10
_c20130914
_lUCH01
_h0947
590 _aCONVERSION
_b10
_c20130109
_lUCH01
_h1318
650 1 4 _aClavel.
_923698
650 1 4 _aCrisantemo.
_928941
650 1 4 _aFlores
_xCorte.
_941368
650 1 4 _aRosas.
_999959
830 0 _aICAMEX. Folleto misceláneo
_v; 1
_957258
901 _aBK
942 _cFOLL
949 _aFolleto 14454
_bBC
_cFOLL
_d-84104
_eTS1
_i36471
_mD.
_si
949 _aFolleto 14454
_bBC
_cFOLL
_d-84105
_eTS2
_fc.2
_i36471
_mD.
_si
999 _c31384
_d31384